Normal view MARC view

Entry Nombre personal

Number of records used in: 5

001 - NÚMERO DE CONTROL

  • campo de control: 75837

003 - IDENTIFICADOR DE NÚMERO DE CONTROL

  • campo de control: SpMaBN

005 - FECHA Y HORA DE LA ÚLTIMA TRANSACCIÓN

  • campo de control: 20231214142648.0

008 - ELEMENTOS DE DATO DE LONGITUD-FIJA

  • campo de control de longitud fija: 901120nn aijnnaabn n aaa

016 ## - NÚMERO DE CONTROL DE UNA AGENCIA BIBLIOGRÁFICA NACIONAL

  • Número de control del registro: BNE19900229665

024 7# - IDENTIFICADOR DE OTROS ESTÁNDARES

  • Número estándar o código: http://viaf.org/viaf/86826458/
  • Fuente: viaf

040 ## - FUENTE DE CATALOGACIÓN

  • Centro catalogador/agencia de origen: SpMaBN
  • Lengua de catalogación: spa
  • Centro/agencia transcriptor: SpMaBN
  • Normas de descripción: rdc
  • Convención/Normas de encabezamiento de materia/tesauro: embne

100 1# - ENCABEZAMIENTO-NOMBRE DE PERSONA

  • Nombre de persona: Malo de Molina, África

373 ## - GRUPO ASOCIADO

  • Grupo asociado: Ateneo de Madrid
  • Período de inicio: 1986
  • Fuente de información: Censo mensual de socios 2023; Olmos, Víctor. Ágora de la libertad: historia del Ateneo de Madrid (2018-2019)

375 ## - GÉNERO/SEXO

  • Género: Femenino

670 ## - FUENTE DE DATOS ENCONTRADOS

  • Cita de la fuente: Diseño, 3º B.U.P., de Emilio Barnechea, África Malo de Molina, 1986

678 ## - DATOS BIOGRÁFICOS O HISTÓRICOS

  • Datos biográficos o históricos: Socia del Ateneo de Madrid n. 6067; ingresó el 2/1/1986. Secretaria tercera del Ateneo en 1988-92. Vicepresidenta primera del Ateneo en 2010-12
  • Ampliación de la nota: Fuentes: Censo mensual de socios 2023; Olmos, Víctor. Ágora de la libertad: historia del Ateneo de Madrid (2018-2019)